Rural and farming networks to provide hotline to the heart of government (Record no. 83683)
[ view plain ]
| 000 -LEADER | |
|---|---|
| fixed length control field | 01079cad a22002175a 4500 |
| 001 - CONTROL NUMBER | |
| control field | L154613 |
| 008 - FIXED-LENGTH DATA ELEMENTS--GENERAL INFORMATION | |
| fixed length control field | 120105e20120104xxk 000 0 eng d |
| 035 ## - SYSTEM CONTROL NUMBER | |
| System control number | (Sirsi) u154613 |
| 041 0# - LANGUAGE CODE | |
| Language code of text/sound track or separate title | eng |
| 110 2# - MAIN ENTRY--CORPORATE NAME | |
| Corporate name or jurisdiction name as entry element | United Kingdom |
| Subordinate unit | Department for Environment, Food and Rural Affairs |
| 245 00 - TITLE STATEMENT | |
| Title | Rural and farming networks to provide hotline to the heart of government |
| Medium | [electronic resource] |
| 260 ## - PUBLICATION, DISTRIBUTION, ETC. | |
| Date of publication, distribution, etc. | 2012 |
| 490 ## - SERIES STATEMENT | |
| Series statement | DEFRA News Release |
| Volume/sequential designation | 4 January 2012 |
| 520 ## - SUMMARY, ETC. | |
| Summary, etc. | Fourteen local groups from accross England have been established to feedback local issues and concerns straight into government in order so they can effectively influence future rural policies. |
| 590 ## - LOCAL NOTE (RLIN) | |
| Local note | KA |
| 651 #4 - SUBJECT ADDED ENTRY--GEOGRAPHIC NAME | |
| Geographic name | England |
| Chronological subdivision | 886- |
| 690 ## - LOCAL SUBJECT ADDED ENTRY--TOPICAL TERM (OCLC, RLIN) | |
| Topical term or geographic name as entry element | PROPERTY-RURAL AND NATURAL ASSETS |
| 856 40 - ELECTRONIC LOCATION AND ACCESS | |
| Uniform Resource Identifier | <a href="https://www.defra.gov.uk/news/2012/01/04/rural-and-farming-networks/">https://www.defra.gov.uk/news/2012/01/04/rural-and-farming-networks/</a> |
| Public note | View the item free of charge at www.defra.gov.uk |
| 856 40 - ELECTRONIC LOCATION AND ACCESS | |
| Uniform Resource Identifier | <a href="https://www.defra.gov.uk/news/2012/01/04/rural-and-farming-networks/">https://www.defra.gov.uk/news/2012/01/04/rural-and-farming-networks/</a> |
| Public note | View map of Rural and Farming Network Groups free of charge at archive.defra.gov.uk |
| 942 ## - ADDED ENTRY ELEMENTS (KOHA) | |
| Suppress in OPAC | 0 |
| Withdrawn status | Lost status | Source of classification or shelving scheme | Damaged status | Not for loan | Home library | Current library | Shelving location | Date acquired | Total Checkouts | Full call number | Barcode | Date last seen | Copy number | Price effective from | Koha item type |
|---|---|---|---|---|---|---|---|---|---|---|---|---|---|---|---|
| Dewey Decimal Classification | Virtual | Virtual | Online | 05/01/2012 | ONLINE PUBLICATION | 154613-2001 | 06/08/2019 | 1 | 06/08/2019 | Online material |